[Event "2nd ACP World Rapid Cup"]
[Site "Odessa UKR"]
[Date "2008.01.04"]
[Round "1.1"]
[White "Eljanov, P."]
[Black "Ivanchuk, V."]
[Result "1/2-1/2"]
[WhiteElo "2692"]
[BlackElo "2751"]
[PlyCount "73"]
[EventDate "2008.01.04"]
[Source "www.chesslib.no"]
[SourceDate "2004.05.04"]

1. d4 d6 2. Nf3 g6 3. c4 f5 4. g3 Bg7 5. Bg2 Nf6 6. O-O O-O 7. Nc3 Qe8 8. d5 Na6 9. Nd4 Bd7 10. Rb1 c6 11. dxc6 bxc6 12. b4 Nxb4 13. Rxb4 c5 14. Rb1 cxd4 15. Bxa8 dxc3 16. Bg2 Bc6 17. Qd3 Bxg2 18. Kxg2 Qc6+ 19. f3 Nd7 20. Bg5 Re8 21. Rfc1 Nb6 22. c5 dxc5 23. Qb5 Rc8 24. Qxc6 Rxc6 25. Bxe7 Nd5 26. Rb8+ Kf7 27. Bg5 h6 28. e4 hxg5 29. exd5 Ra6 30. Rb7+ Kf8 31. Rc2 Rb6 32. Rxg7 Kxg7 33. Rxc3 Rb2+ 34. Kg1 Rxa2 35. Rxc5 a5 36. d6 Rd2 37. Rxa5 1/2-1/2

[Event "It"]
[Site "?"]
[Date "1997.??.??"]
[Round "7"]
[White "Kramnik Vladimir"]
[Black "Bareev Evgeny"]
[Result "1/2-1/2"]
[WhiteElo "2740"]
[BlackElo "2665"]
[PlyCount "60"]
[EventDate "1997.??.??"]
[Source "www.chesslib.no"]
[SourceDate "2004.05.04"]

1. Nf3 f5 2. g3 Nf6 3. Bg2 g6 4. O-O Bg7 5. d4 O-O 6. c4 d6 7. Nc3 Qe8 8. d5 a5 9. Be3 Na6 10. Qc1 Ng4 11. Bf4 Bd7 12. Rd1 Nc5 13. h3 Nf6 14. Bh6 c6 15. Nd4 Rc8 16. dxc6 Bxc6 17. Bxg7 Kxg7 18. Nxc6 bxc6 19. b3 Qd7 20. e3 Rb8 21. Nb1 Rb6 22. Rxd6 g5 23. Qd1 Rh8 24. f4 Nh5 25. Qxh5 Ra6 26. a3 Qa7 27. e4 Kg8 28. Rd3 e5 29. Rd2 h6 30. Rc2 Nxb3+ 1/2-1/2

[Event "Reggio Emilia"]
[Site "?"]
[Date "1989.??.??"]
[Round "?"]
[White "Karpov, An"]
[Black "Gurevich, M."]
[Result "1/2-1/2"]
[WhiteElo "2755"]
[BlackElo "2640"]
[PlyCount "105"]
[EventDate "1989.??.??"]
[Source "ChessBase"]
[SourceDate "1990.01.01"]

1. d4 f5 2. g3 Nf6 3. Bg2 g6 4. Nf3 Bg7 5. c4 O-O 6. O-O d6 7. Nc3 Qe8 8. Qb3 c6 9. d5 Na6 10. Be3 Ng4 11. Bd4 e5 12. dxe6 Ne5 13. Rad1 Qxe6 14. Na4 Qxc4 15. Qxc4+ Nxc4 16. Bxg7 Kxg7 17. b3 Nb6 18. Rxd6 Nxa4 19. bxa4 Nc5 20. a5 Ne4 21. Rd3 Be6 22. Nd2 Nc5 23. Rc3 Rad8 24. Rc2 Bd5 25. Rb1 Bxg2 26. Rxc5 Rf7 27. Rc2 Bd5 28. f3 Rc7 29. Rbb2 Bf7 30. Nb3 Bxb3 31. axb3 a6 32. Rc4 Rd5 33. b4 Rcd7 34. Kf2 Kf6 35. Ke3 Rd1 36. h4 h6 37. Rb3 Rf1 38. Rd4 Re7+ 39. Kd2 Ra1 40. Rd6+ Kf7 41. h5 Ra2+ 42. Kd3 gxh5 43. Rxh6 Raxe2 44. Kc4 Rc2+ 45. Rc3 Rxc3+ 46. Kxc3 Re3+ 47. Kd4 Rxf3 48. Rxh5 Rxg3 49. Rxf5+ Ke6 50. Rh5 Kd6 51. Rh7 Rg4+ 52. Kc3 c5 53. Rxb7 1/2-1/2

[Event "Mind Sports Games - Rapid Ind"]
[Site "Pechino CINA"]
[Date "2008.10.06"]
[Round "5"]
[White "Bu Xiangzhi"]
[Black "Zhang Zhong"]
[Result "0-1"]
[WhiteElo "2714"]
[BlackElo "2649"]
[PlyCount "86"]
[EventDate "2008.10.05"]
[Source "www.chesslib.no"]
[SourceDate "2004.05.04"]

1. d4 f5 2. g3 Nf6 3. Bg2 g6 4. Nf3 Bg7 5. O-O O-O 6. c4 d6 7. Nc3 Qe8 8. d5 a5 9. Be3 h6 10. Nb5 Na6 11. Qd2 c6 12. Nbd4 Ne4 13. Qxa5 c5 14. Nb5 g5 15. Nd2 Bxb2 16. Rab1 Nxd2 17. Bxd2 Bg7 18. Bc3 f4 19. Bxg7 Kxg7 20. Qc3+ Kg8 21. e4 Qh5 22. f3 Qg6 23. g4 Nb8 24. a3 Nd7 25. Nc7 Ra7 26. Ne6 Rf6 27. Rfe1 Rxe6 28. dxe6 Ne5 29. Rb5 Qxe6 30. Rc1 Bd7 31. Ra5 Rxa5 32. Qxa5 Bc6 33. Qc3 Qf6 34. Bf1 Kf7 35. h3 Qh8 36. Kg2 h5 37. Be2 Qh7 38. Qd2 hxg4 39. hxg4 Nxg4 40. fxg4 Qxe4+ 41. Kf2 Qg2+ 42. Ke1 Qg3+ 43. Kd1 Ba4+ 0-1

[Event "Mind Sports Games - Rapid Ind KO"]
[Site "Pechino CINA"]
[Date "2008.10.07"]
[Round "1.1"]
[White "Bu Xiangzhi"]
[Black "Zhang Zhong"]
[Result "1/2-1/2"]
[WhiteElo "2714"]
[BlackElo "2649"]
[PlyCount "250"]
[EventDate "2008.10.05"]
[Source "www.chesslib.no"]
[SourceDate "2004.05.04"]

1. Nf3 f5 2. g3 Nf6 3. Bg2 g6 4. O-O Bg7 5. d4 O-O 6. c4 d6 7. Nc3 Qe8 8. d5 a5 9. Be3 h6 10. Qd2 g5 11. h4 f4 12. Bd4 Qh5 13. hxg5 hxg5 14. gxf4 gxf4 15. Qxf4 c5 16. Bxf6 Rxf6 17. Qh4 Qxh4 18. Nxh4 Nd7 19. Ne4 Rf7 20. Ng5 Rf6 21. f4 Nb6 22. Rac1 Rh6 23. Nhf3 Bxb2 24. Rc2 Bg7 25. Rb1 Na4 26. Ne6 Bxe6 27. dxe6 Rxe6 28. Ng5 Bd4+ 29. Kh2 Re3 30. Bxb7 Rf8 31. Bd5+ Kh8 32. Ne6 Rf6 33. Rb8+ Kh7 34. Be4+ Rxe4 35. Ng5+ Kg6 36. Nxe4 Rxf4 37. Ng3 Nc3 38. e3 Rh4+ 39. Kg2 Be5 40. Rg8+ Kf7 41. Rg5 Rxc4 42. Rxe5 dxe5 43. Kh3 Ke6 44. e4 Rxe4 45. Rxc3 Ra4 46. Rxc5 Rxa2 47. Kg4 a4 48. Ra5 a3 49. Kf3 Ra1 50. Ne2 a2 51. Ke3 Kf5 52. Kd2 Ke4 53. Nc3+ Kf3 54. Ra3 e4 55. Nd1+ Kf4 56. Ke2 e6 57. Ra5 Kg4 58. Nf2+ Kf4 59. Ra4 Kf5 60. Nxe4 Rb1 61. Ng3+ Kg5 62. Rxa2 Kf4 63. Kf2 Rb4 64. Ne2+ Ke4 65. Ra3 e5 66. Ra5 Rc4 67. Ng3+ Kf4 68. Ne2+ Ke4 69. Kg3 Rb4 70. Ra3 Rc4 71. Kg4 Rc8 72. Ng3+ Kd4 73. Nf5+ Kc4 74. Kf3 Kb4 75. Ra1 Rc4 76. Ne3 Rf4+ 77. Ke2 Kc5 78. Rd1 Rd4 79. Rc1+ Kb5 80. Rc8 Rf4 81. Re8 Re4 82. Kf3 Rf4+ 83. Kg3 Re4 84. Kf3 Rf4+ 85. Ke2 Re4 86. Rc8 Rd4 87. Rc7 Re4 88. Kd3 Rd4+ 89. Kc3 Re4 90. Nc4 Re1 91. Kd2 Rh1 92. Nxe5 Rh3 93. Nd3 Rh6 94. Ke3 Rh4 95. Nf4 Rh1 96. Kd4 Rh4 97. Ke5 Kb6 98. Rf7 Kb5 99. Kd5 Kb6 100. Rf6+ Kb5 101. Rf8 Kb6 102. Kc4 Rh6 103. Kd5 Rh4 104. Rf7 Rh6 105. Nd3 Rh1 106. Rf6+ Kb5 107. Rf4 Kb6 108. Rb4+ Kc7 109. Rb2 Rd1 110. Rb3 Rd2 111. Rc3+ Kb6 112. Kd6 Kb5 113. Kc7 Rh2 114. Rc5+ Ka4 115. Ne5 Rh6 116. Nc6 Kb3 117. Kb6 Rg6 118. Kb5 Rh6 119. Nd4+ Kb2 120. Rc2+ Kb1 121. Rg2 Rh  122. Kc4 Rc8+ 123. Kd3 Rc7 124. Nb5 Rd7+ 125. Kc3 Rd8 1/2-1/2

[Event "Mind Sports Games - Blitz Team"]
[Site "Pechino CINA"]
[Date "2008.10.13"]
[Round "7"]
[White "Bu Xiangzhi"]
[Black "Gurevich, M1."]
[Result "1-0"]
[WhiteElo "2714"]
[BlackElo "2634"]
[PlyCount "70"]
[EventDate "2008.10.13"]
[Source "www.chesslib.no"]
[SourceDate "2004.05.04"]

1. d4 d6 2. Nf3 f5 3. g3 Nf6 4. Bg2 g6 5. O-O Bg7 6. c4 O-O 7. Nc3 Qe8 8. d5 Na6 9. Rb1 Bd7 10. b4 c6 11. dxc6 bxc6 12. a3 Nc7 13. Bb2 Rd8 14. Qa4 e5 15. Rfd1 Qe7 16. Qxa7 Ne6 17. c5 d5 18. Nxe5 Ra8 19. Qb7 d4 20. Nxc6 Qe8 21. Qxa8 Qxa8 22. Ne7+ Kf7 23. Bxa8 dxc3 24. Bxc3 Ba4 25. Rd6 Rxa8 26. Nc6 Bxc6 27. Rxc6 Rxa3 28. Bxf6 Bxf6 29. b5 Ra8 30. b6 Rb8 31. b7 Nd8 32. Rc8 Rxb7 33. Rxb7+ Nxb7 34. Rc7+ Ke6 35. Rxb7 Kd5 1-0

[Event "Moscow RUS"]
[Site "?"]
[Date "1960.??.??"]
[Round "19"]
[White "Tal Mihail"]
[Black "Botvinnik Mikhail"]
[Result "1-0"]
[WhiteElo "2640"]
[BlackElo "2700"]
[PlyCount "83"]
[EventDate "1960.??.??"]
[Source "www.chesslib.no"]
[SourceDate "2004.05.04"]

1. c4 f5 2. Nf3 Nf6 3. g3 g6 4. Bg2 Bg7 5. d4 d6 6. Nc3 e6 7. O-O O-O 8. Qc2 Nc6 9. Rd1 Qe7 10. Rb1 a5 11. a3 Nd8 12. e4 fxe4 13. Nxe4 Nxe4 14. Qxe4 Nf7 15. Bh3 Qf6 16. Bd2 d5 17. Qe2 dxc4 18. Bf4 Nd6 19. Ng5 Re8 20. Bg2 Ra6 21. Ne4 Nxe4 22. Bxe4 b5 23. b3 cxb3 24. Qxb5 Rf8 25. Qxb3 Rb6 26. Qe3 Rxb1 27. Bxb1 Bb7 28. Ba2 Bd5 29. Bxd5 exd5 30. Bxc7 a4 31. Rd3 Qf5 32. Be5 Bh6 33. Qe2 Rc8 34. Rf3 Qh3 35. Bc7 Bf8 36. Qb5 Qe6 37. Be5 Qc6 38. Qa5 Ra8 39. Qd2 Rc8 40. Kg2 Qd7 41. h4 Qg4 42. Qa5 1-0

[Event "Moscow (ol)"]
[Site "?"]
[Date "1994.??.??"]
[Round "?"]
[White "Kramnik, Vladimir"]
[Black "Malaniuk, V."]
[Result "1-0"]
[WhiteElo "2725"]
[BlackElo "2610"]
[PlyCount "81"]
[EventDate "1994.??.??"]
[Source "ChessBase"]
[SourceDate "1994.10.01"]

1. Nf3 f5 2. g3 Nf6 3. Bg2 g6 4. O-O Bg7 5. d4 d6 6. c4 O-O 7. Nc3 Qe8 8. d5 Na6 9. Rb1 Bd7 10. b4 c5 11. dxc6 Bxc6 12. Qb3 Ne4 13. Bb2 Nxc3 14. Bxc3 Bxc3 15. c5+ e6 16. Qxc3 dxc5 17. b5 Bxb5 18. Ne5 Rb8 19. Rfe1 b6 20. e4 Nc7 21. exf5 gxf5 22. Qe3 a6 23. Qg5+ Kh8 24. Rbd1 Rg8 25. Qf4 Qe7 26. Bc6 Rg4 27. Nxg4 Bxc6 28. Rd6 Be8 29. Nh6 Rc8 30. Rxb6 Qg7 31. Rb7 Bc6 32. Ra7 Nd5 33. Qe5 Qxe5 34. Nf7+ Kg8 35. Nxe5 Bb5 36. a4 Bxa4 37. Rxa6 Bb5 38. Rxe6 c4 39. Rd6 Nb4 40. Rb6 Nc2 41. Rb1 1-0

[Event "Munich GER"]
[Site "Munich GER"]
[Date "1993.??.??"]
[Round "9"]
[White "Jussupow, Artur M"]
[Black "Bareev, Evgeny I"]
[Result "0-1"]
[WhiteElo "2645"]
[BlackElo "2670"]
[PlyCount "51"]
[EventDate "1993.??.??"]
[Source "www.chesslib.no"]
[SourceDate "2004.05.04"]

1. d4 f5 2. Nf3 Nf6 3. c4 g6 4. g3 Bg7 5. Bg2 O-O 6. O-O d6 7. Nc3 Qe8 8. d5 a5 9. Be3 h6 10. h4 Na6 11. Qd2 Kh7 12. Rae1 e5 13. Nd4 Rb8 14. Bf3 Nb4 15. a3 Nbxd5 16. Nxd5 f4 17. Ne7 fxe3 18. Qxe3 Nd5 19. Nxd5 c6 20. h5 Kh8 21. Qd3 cxd5 22. Bg2 b5 23. cxb5 Rf6 24. e3 Rf3 25. Qe4 Rf8 26. Qc2 0-1

[Event "Erevan ARM"]
[Site "Erevan ARM"]
[Date "1996.??.??"]
[Round "7"]
[White "Ehlvest, Jaan"]
[Black "Nikolic, Predrag"]
[Result "1/2-1/2"]
[WhiteElo "2660"]
[BlackElo "2645"]
[PlyCount "63"]
[EventDate "1996.??.??"]
[Source "www.chesslib.no"]
[SourceDate "2004.05.04"]

1. Nf3 f5 2. g3 Nf6 3. Bg2 g6 4. O-O Bg7 5. c4 O-O 6. Nc3 d6 7. d4 Na6 8. Rb1 c6 9. d5 Bd7 10. b3 Nc5 11. Bb2 a5 12. Nd4 Qe8 13. e3 e5 14. dxe6 Bxe6 15. Qc2 Bf7 16. Rbd1 Qe7 17. Rfe1 Qc7 18. Nde2 Rfe8 19. Nf4 Qe7 20. Nd3 Nce4 21. f3 Nxc3 22. Bxc3 d5 23. cxd5 Nxd5 24. Bxg7 Kxg7 25. e4 fxe4 26. fxe4 Nb4 27. Qb2+ Kg8 28. Nf2 Qe5 29. Qxe5 Bc4 30. Rd6 Nd3 31. bxc4 Nb2 32. Rf1 1/2-1/2

[Event "Reggio Emilia"]
[Site "?"]
[Date "1991.??.??"]
[Round "?"]
[White "Salov, V."]
[Black "Gurevich, M."]
[Result "1-0"]
[WhiteElo "2665"]
[BlackElo "2630"]
[PlyCount "59"]
[EventDate "1991.??.??"]
[Source "ChessBase"]
[SourceDate "1991.10.01"]

1. d4 d6 2. Nf3 g6 3. g3 Bg7 4. Bg2 f5 5. O-O Nf6 6. c4 O-O 7. Nc3 Qe8 8. d5 Na6 9. Rb1 e5 10. dxe6 Bxe6 11. Nd4 c6 12. b4 Bxc4 13. b5 cxb5 14. Ndxb5 Rd8 15. Ba3 d5 16. Nd6 Qe5 17. Nxc4 dxc4 18. Qc2 Nc5 19. Bxc5 Qxc5 20. Rb5 Qd6 21. Rxb7 Kh8 22. Nb5 Qc5 23. a4 a6 24. Nc3 Ng4 25. h3 Ne3 26. fxe3 Qxe3+ 27. Kh2 f4 28. Rf3 fxg3+ 29. Rxg3 Be5 30. Rxh7+ 1-0

[Event "Mind Sports Games - Blitz Team"]
[Site "Pechino CINA"]
[Date "2008.10.13"]
[Round "3"]
[White "Gurevich, M1."]
[Black "Zhang Zhong"]
[Result "0-1"]
[WhiteElo "2634"]
[BlackElo "2649"]
[PlyCount "69"]
[EventDate "2008.10.13"]
[Source "www.chesslib.no"]
[SourceDate "2004.05.04"]

1. c4 f5 2. d4 Nf6 3. Nf3 g6 4. g3 Bg7 5. Bg2 O-O 6. O-O d6 7. Nc3 Qe8 8. d5 a5 9. Rb1 Na6 10. b3 Bd7 11. Bb2 c6 12. Ne1 Nc5 13. Nd3 Nce4 14. Nf4 Nxc3 15. Bxc3 g5 16. Nd3 Qh5 17. Rc1 cxd5 18. cxd5 Rfc8 19. Bb2 Qf7 20. Rxc8+ Rxc8 21. Qd2 h6 22. Qxa5 Rc2 23. Rc1 Rxe2 24. Bf3 Rxb2 25. Nxb2 Ne4 26. Nc4 Bd4 27. Ne3 Nxf2 28. Qd2 Nh3+ 29. Kg2 Be5 30. Rc7 Bb5 31. Kxh3 g4+ 32. Kg2 gxf3+ 33. Kxf3 f4 34. Rc8+ Kg7 35. Ng4 0-1

[Event "Bundesliga 2003-4"]
[Site "Hofheim"]
[Date "2003.11.01"]
[Round "1"]
[White "Bacrot, Etienne"]
[Black "Bauer, Christian"]
[Result "1-0"]
[WhiteElo "2664"]
[BlackElo "2602"]
[PlyCount "91"]
[EventDate "2003.11.01"]
[Source "Roberto Alvarez"]
[SourceDate "2003.11.10"]

1. d4 f5 2. g3 Nf6 3. Bg2 g6 4. Nf3 Bg7 5. O-O O-O 6. c4 d6 7. Nc3 Qe8 8. Nd5 Nxd5 9. cxd5 Nd7 10. Ng5 Nb6 11. a4 c6 12. dxc6 bxc6 13. d5 c5 14. Ra2 Rb8 15. b3 Bd7 16. Ne6 Bxe6 17. dxe6 Na8 18. e4 Nc7 19. Re2 Rb4 20. Bd2 Rd4 21. Qc2 f4 22. Bh3 Be5 23. Bc3 Na6 24. Bxd4 Bxd4 25. e5 Nb4 26. Qe4 f3 27. Rd2 d5 28. Qh4 Bc3 29. Rdd1 Bxe5 30. Qg5 Bd4 31. Bg4 a5 32. h4 Kg7 33. Rxd4 cxd4 34. Qe5+ Rf6 35. Qxd4 Qc6 36. Qa7 Qd6 37. Rc1 Rf8 38. Rc7 Kf6 39. Rd7 Qe5 40. Rxe7 Qe1+ 41. Kh2 Nd3 42. Rf7+ Rxf7 43. exf7 Kg7 44. Bxf3 Nxf2 45. Qd4+ Kxf7 46. Kg2 1-0

[Event "Biel SKA"]
[Site "Biel"]
[Date "1996.??.??"]
[Round "4"]
[White "Ehlvest, Jaan"]
[Black "Onischuk, Alexander"]
[Result "1/2-1/2"]
[WhiteElo "2660"]
[BlackElo "2605"]
[PlyCount "89"]
[EventDate "1996.07.22"]
[Source "ChessBase"]

1. Nf3 f5 2. g3 Nf6 3. c4 d6 4. d4 g6 5. Bg2 Bg7 6. O-O O-O 7. Nc3 Na6 8. Rb1 c6 9. d5 Bd7 10. b3 Nc5 11. Bb2 Rc8 12. Nd4 Nce4 13. Nc2 Nxc3 14. Bxc3 Qb6 15. a4 Ne4 16. Bxg7 Kxg7 17. dxc6 bxc6 18. Qd3 a5 19. Bxe4 fxe4 20. Qxe4 Bf5 21. Qf3 e5 22. Qc3 Qc5 23. Kg2 Rf6 24. Rbc1 g5 25. Qe3 Qxe3 26. Nxe3 Bg6 27. Rc3 Rcf8 28. f3 h5 29. h3 Kf7 30. Nd1 Ke6 31. Nf2 R6f7 32. Rd1 Rb7 33. e4 Rfb8 34. Rcd3 Rd8 35. h4 gxh4 36. gxh4 Rbd7 37. Nh3 d5 38. cxd5+ cxd5 39. Ng5+ Ke7 40. Rxd5 Rxd5 41. exd5 Bc2 42. Rc1 Bxb3 43. Rc3 Bxa4 44. Ra3 Bb5 45. Rxa5 1/2-1/2

[Event "Metz"]
[Site "?"]
[Date "2004.??.??"]
[Round "?"]
[White "Gurevich, M."]
[Black "Bauer, Ch"]
[Result "1-0"]
[WhiteElo "2670"]
[BlackElo "2595"]
[PlyCount "183"]
[EventDate "2004.??.??"]
[Source "Chess Informant"]
[SourceDate "2004.02.01"]

1. c4 c5 2. Nf3 g6 3. d4 Bg7 4. d5 f5 5. g3 Nf6 6. Nc3 d6 7. Bg2 O-O 8. O-O Na6 9. Rb1 Nc7 10. a3 a5 11. b3 Rb8 12. b4 axb4 13. axb4 cxb4 14. Rxb4 Na6 15. Rb1 Bd7 16. Be3 Qc7 17. Nd2 Ng4 18. Bb6 Qc8 19. Nb5 Ra8 20. e3 g5 21. Qe2 Qe8 22. h3 Nf6 23. Nf3 Ne4 24. Nfd4 Qg6 25. Rfc1 Rac8 26. Qc2 Nec5 27. Bxc5 Nxc5 28. Nc3 f4 29. Qxg6 hxg6 30. g4 fxe3 31. fxe3 Nd3 32. Rd1 Ne5 33. Rxb7 Rxc4 34. Ne4 Rfc8 35. Nc6 Bxc6 36. dxc6 R4xc6 37. Rxe7 Rc1 38. Rxc1 Rxc1+ 39. Kf2 Rc2+ 40. Kf1 Kf8 41. Re6 Rc1+ 42. Kf2 Rc2+ 43. Kg1 Rc1+ 44. Bf1 Rc2 45. Bb5 Nf3+ 46. Kf1 Nd2+ 47. Nxd2 Rxd2 48. Rxg6 Rh2 49. Rxd6 Rxh3 50. Ke2 Rg3 51. Bd7 Ke7 52. Rd1 Be5 53. Bf5 Bd6 54. Rd5 Rg1 55. Rb5 Rc1 56. Kd2 Rc5 57. Rb1 Re5 58. Kd3 Bc5 59. Be4 Kf6 60. Rf1+ Kg7 61. Rf3 Bb6 62. Rh3 Bc5 63. Bc6 Re6 64. Bd5 Re5 65. Be4 Kf6 66. Rf3+ Kg7 67. Bc6 Bb6 68. e4 Ra5 69. Rf1 Bc7 70. Rb1 Bf4 71. Bd5 Ra3+ 72. Kd4 Ra4+ 73. Bc4 Ra5 74. Rb7+ Kf6 75. Rf7+ Kg6 76. Re7 Kf6 77. Re6+ Kg7 78. e5 Kf8 79. Ke4 Ra4 80. Rc6 Ke7 81. Kf5 Ra5 82. Re6+ Kd8 83. Kf6 Rc5 84. Bd3 Rd5 85. Be4 Rc5 86. Bg6 Rb5 87. Re8+ Kc7 88. Re7+ Kd8 89. e6 Be5+ 90. Kf7 Rb6 91. Rd7+ Kc8 92. Bf5 1-0

[Event "It (Open) INT"]
[Site "?"]
[Date "2006.05.06"]
[Round "?"]
[White "Bocharov Dmitry"]
[Black "Bareev Evgeny"]
[Result "1-0"]
[WhiteElo "2559"]
[BlackElo "2701"]
[PlyCount "53"]
[EventDate "2006.??.??"]
[Source "www.chesslib.no"]
[SourceDate "2004.05.04"]

1. d4 f5 2. c4 Nf6 3. g3 g6 4. Bg2 Bg7 5. Nf3 O-O 6. O-O d6 7. Nc3 Qe8 8. Re1 Ne4 9. Nxe4 fxe4 10. Ng5 Nc6 11. e3 Nb4 12. Nxe4 e5 13. d5 Bf5 14. a3 Na6 15. b4 Qd7 16. Bb2 h5 17. h4 Bh6 18. Rc1 Rf7 19. c5 Raf8 20. cxd6 Bxe4 21. Bxe4 Rxf2 22. Rc2 Rxc2 23. Qxc2 cxd6 24. Kh2 Qg4 25. Bg2 Rc8 26. Qd3 Nb8 27. Bh3 1-0

[Event "Groningen PCA"]
[Site "Groningen"]
[Date "1993.??.??"]
[Round "4"]
[White "Ribli, Zoltan"]
[Black "Topalov, Veselin"]
[Result "1/2-1/2"]
[WhiteElo "2610"]
[BlackElo "2650"]
[PlyCount "30"]
[EventDate "1993.12.??"]
[Source "ChessBase"]

1. Nf3 f5 2. g3 Nf6 3. Bg2 d6 4. d4 g6 5. b3 Bg7 6. Bb2 O-O 7. O-O Ne4 8. c4 Nc6 9. Nbd2 Nxd2 10. Qxd2 e5 11. dxe5 dxe5 12. Qd5+ Kh8 13. Qxd8 Rxd8 14. Rfd1 Rxd1+ 15. Rxd1 e4 1/2-1/2

[Event "Frankfurt Ordix op"]
[Site "Frankfurt"]
[Date "1998.06.20"]
[Round "5"]
[White "Beliavsky, Alexander G"]
[Black "Kindermann, Stefan"]
[Result "0-1"]
[WhiteElo "2690"]
[BlackElo "2565"]
[PlyCount "90"]
[EventDate "1998.06.20"]
[Source "ChessBase"]
[SourceDate "1998.09.09"]

1. d4 f5 2. c4 Nf6 3. g3 g6 4. Bg2 Bg7 5. Nf3 O-O 6. O-O d6 7. Nc3 Qe8 8. d5 Na6 9. Rb1 c5 10. dxc6 bxc6 11. b4 Bd7 12. a3 Nc7 13. Bb2 Ne6 14. e3 Nd8 15. Qe2 Nf7 16. Rfd1 e5 17. Nd2 e4 18. Nb3 Qe7 19. b5 c5 20. Na5 Qd8 21. Nb3 Qc7 22. a4 Be6 23. Nd5 Bxd5 24. cxd5 Nd7 25. Bxg7 Kxg7 26. Qd2 Nfe5 27. Qc3 Qd8 28. Na5 Qf6 29. Qa1 Kg8 30. Nc6 g5 31. a5 f4 32. exf4 gxf4 33. Qb2 e3 34. fxe3 fxg3 35. hxg3 Qg5 36. Rf1 Qxe3+ 37. Kh1 Nd3 38. Qa1 Rae8 39. Qa4 Qxg3 40. Rxf8+ Nxf8 41. Qc2 Nf2+ 42. Kg1 Ng4 43. Qd2 Qh2+ 44. Kf1 Ne3+ 45. Ke2 Nc4+ 0-1

[Event "Groningen"]
[Site "?"]
[Date "1992.??.??"]
[Round "?"]
[White "Piket, Je"]
[Black "Gurevich, M."]
[Result "1-0"]
[WhiteElo "2625"]
[BlackElo "2625"]
[PlyCount "69"]
[EventDate "1992.??.??"]
[Source "ChessBase"]
[SourceDate "1993.02.01"]

1. Nf3 f5 2. g3 Nf6 3. Bg2 g6 4. O-O Bg7 5. c4 d6 6. d4 O-O 7. Nc3 Qe8 8. d5 Na6 9. Rb1 Bd7 10. b4 c6 11. dxc6 bxc6 12. b5 Nc5 13. Nd4 cxb5 14. Bxa8 Qxa8 15. Ndxb5 Rc8 16. Nd5 Nxd5 17. Qxd5+ Qxd5 18. cxd5 Rb8 19. Na3 Rxb1 20. Nxb1 Bb5 21. Be3 Na6 22. Bxa7 Bxe2 23. Re1 Bc4 24. Rxe7 Bxa2 25. Rb7 Be5 26. f4 Ba1 27. Be3 Bxd5 28. Rb6 Nc7 29. Rxd6 Bf7 30. Bd4 Bxd4+ 31. Rxd4 Ne6 32. Rb4 h6 33. Nd2 g5 34. Nf3 Kg7 35. Nd4 1-0

[Event "Groningen PCA"]
[Site "Groningen"]
[Date "1993.??.??"]
[Round "10"]
[White "Oll, Lembit"]
[Black "Topalov, Veselin"]
[Result "1-0"]
[WhiteElo "2595"]
[BlackElo "2650"]
[PlyCount "101"]
[EventDate "1993.12.??"]
[Source "ChessBase"]

1. d4 f5 2. g3 Nf6 3. Bg2 g6 4. Nf3 Bg7 5. c4 O-O 6. Nc3 d6 7. O-O Qe8 8. d5 a5 9. Ne1 Na6 10. Nd3 Bd7 11. Re1 Qf7 12. Nf4 Rab8 13. Be3 h6 14. Ba7 Rbd8 15. Bd4 b6 16. e4 fxe4 17. Nxe4 g5 18. Ne6 Bxe6 19. dxe6 Qg6 20. Nc3 c5 21. Be3 Nc7 22. Rb1 Kh8 23. Nd5 Nfxd5 24. cxd5 Nb5 25. Qg4 Nd4 26. Be4 Qf6 27. Kh1 b5 28. f4 Nf5 29. Bd2 gxf4 30. gxf4 h5 31. Qxh5+ Qh6 32. Qg4 Nh4 33. Re2 Rg8 34. f5 Qh7 35. Qh3 Bf6 36. Bxa5 Ra8 37. Bc3 Qh6 38. Bd2 Qh5 39. Rf2 Qg4 40. Qxg4 Rxg4 41. Bd3 Rxa2 42. Bxb5 c4 43. Rf4 Rxf4 44. Bxf4 Bxb2 45. Bxc4 Ra4 46. Bxd6 Rxc4 47. Bxe7 Nxf5 48. d6 Nxe7 49. d7 Rd4 50. Rxb2 Kg8 51. Rb8+ 1-0

[Event "Kropotkin"]
[Site "?"]
[Date "1995.??.??"]
[Round "?"]
[White "Lputian, S."]
[Black "Malaniuk, V."]
[Result "1-0"]
[WhiteElo "2630"]
[BlackElo "2615"]
[PlyCount "81"]
[EventDate "1995.??.??"]
[Source "ChessBase"]
[SourceDate "1995.02.01"]

1. d4 f5 2. g3 Nf6 3. Bg2 g6 4. b3 Bg7 5. Bb2 O-O 6. Nf3 d6 7. c4 Qe8 8. Nbd2 c6 9. Qc2 Na6 10. O-O h6 11. Rae1 Qf7 12. Bc3 g5 13. e4 fxe4 14. Nxe4 Bg4 15. Nxf6+ exf6 16. d5 c5 17. Nd2 Rae8 18. Ne4 Bf5 19. g4 Bh7 20. Qd3 Re5 21. f4 gxf4 22. Rxf4 f5 23. Qg3 Qg6 24. Bxe5 Bxe5 25. Ref1 b6 26. Rxf5 Qxf5 27. gxf5+ Bxg3 28. Nxg3 Nb4 29. a3 Nc2 30. Be4 Nd4 31. f6 Nxb3 32. f7+ Kh8 33. Bxh7 Kxh7 34. Ne4 Kg7 35. Nxd6 Rd8 36. Ne8+ Kf8 37. Nc7 Nd4 38. a4 Ke7 39. f8=Q+ Rxf8 40. d6+ Kxd6 41. Rxf8 1-0

[Event "Moskva (GMA)"]
[Site "?"]
[Date "1990.??.??"]
[Round "?"]
[White "Nikolic, Pr"]
[Black "Gurevich, M."]
[Result "1/2-1/2"]
[WhiteElo "2600"]
[BlackElo "2645"]
[PlyCount "163"]
[EventDate "1990.??.??"]
[Source "ChessBase"]
[SourceDate "1990.01.01"]

1. d4 f5 2. g3 Nf6 3. Bg2 d6 4. Nf3 g6 5. O-O Bg7 6. c4 O-O 7. d5 Na6 8. Nc3 Qe8 9. Rb1 c5 10. dxc6 bxc6 11. b4 c5 12. bxc5 Nxc5 13. Ng5 Ba6 14. Bxa8 Qxa8 15. Nd5 Nxd5 16. cxd5 Bc4 17. Bb2 Qxd5 18. Qxd5+ Bxd5 19. Bxg7 Kxg7 20. Rb2 Rc8 21. Rc1 Rc6 22. Nf3 Ra6 23. Nd4 Kf6 24. Kf1 h5 25. Ke1 h4 26. gxh4 Ra4 27. Rd2 Ne4 28. Rdd1 Rxa2 29. Ra1 a6 30. Rxa2 Bxa2 31. Ra1 Bc4 32. Ra4 d5 33. Rb4 a5 34. Rb6+ Nd6 35. Nc6 a4 36. Na5 Kg7 37. Nxc4 Nxc4 38. Re6 Kf7 39. Ra6 a3 40. Kd1 f4 41. Kc2 e6 42. Kc3 Kf6 43. Kd4 Kf5 44. f3 Kf6 45. Kc5 Ne3 46. Rxa3 Nf5 47. h5 gxh5 48. Ra8 Kg5 49. Re8 Kf6 50. Rh8 Kg5 51. Kc6 Kh4 52. Kc5 Kg5 53. Re8 Kf6 54. Rg8 h4 55. Rg4 Ke5 56. Rg6 Nd4 57. Rg5+ Nf5 58. Rg6 Nd4 59. Rg5+ Nf5 60. Rg4 Nd4 61. Rxh4 Nxe2 62. Rg4 Nd4 63. h4 Nxf3 64. h5 Nd2 65. h6 Ne4+ 66. Kb4 Nf6 67. Kc3 Kf5 68. Rg7 e5 69. h7 Nxh7 70. Rxh7 e4 71. Rh5+ Ke6 72. Kd4 f3 73. Rh8 Kf7 74. Rh6 Ke7 75. Ra6 Kd7 76. Rb6 Ke7 77. Rb4 Ke6 78. Rb8 Ke7 79. Rc8 Kd7 80. Rf8 Ke7 81. Rb8 Kd7 82. Ke3 1/2-1/2

[Event "XXI Carlos Torre KO"]
[Site "Merida MES"]
[Date "2008.12.19"]
[Round "3.3"]
[White "Harikrishna, P."]
[Black "Ehlvest, J."]
[Result "0-1"]
[WhiteElo "2659"]
[BlackElo "2581"]
[PlyCount "70"]
[EventDate "2008.12.17"]
[Source "www.chesslib.no"]
[SourceDate "2004.05.04"]

1. d4 d6 2. c4 f5 3. Nf3 Nf6 4. g3 g6 5. Bg2 Bg7 6. O-O O-O 7. Nbd2 Qe8 8. b3 e5 9. dxe5 dxe5 10. e4 Nc6 11. Ba3 Rf7 12. Re1 f4 13. b4 a6 14. Bb2 fxg3 15. hxg3 Ng4 16. b5 Nd4 17. a4 c5 18. bxc6 Nxc6 19. Rf1 h6 20. c5 Bf8 21. Nc4 Bxc5 22. Qd5 b6 23. Nd6 Bxd6 24. Qxd6 Rf6 25. Qd2 g5 26. Rac1 Bb7 27. Rfd1 Qh5 28. Qe2 Raf8 29. Rd3 a5 30. Rb3 Nb4 31. Rbc3 Ba6 32. Rc4 Nh2 33. Nd4 Qxe2 34. Nxe2 Bxc4 35. Rxc4 Rxf2 0-1

[Event "Mind Sports Games - Blitz Ind"]
[Site "Pechino CINA"]
[Date "2008.10.04"]
[Round "7"]
[White "Korobov, A."]
[Black "Gurevich, M1."]
[Result "0-1"]
[WhiteElo "2605"]
[BlackElo "2634"]
[PlyCount "74"]
[EventDate "2008.10.04"]
[Source "www.chesslib.no"]
[SourceDate "2004.05.04"]

1. d4 d6 2. Nf3 f5 3. g3 Nf6 4. Bg2 g6 5. O-O Bg7 6. c4 O-O 7. Nc3 Qe8 8. Bf4 Nh5 9. Bg5 e5 10. Nd5 Rf7 11. dxe5 dxe5 12. Bd2 c6 13. Nc3 e4 14. Ng5 Rd7 15. Qc2 h6 16. Ngxe4 fxe4 17. Nxe4 Na6 18. Rad1 Rd8 19. Bc3 Bf5 20. Bxg7 Kxg7 21. Qc3+ Kh7 22. Nd6 Qe7 23. c5 Nf6 24. e4 Be6 25. f4 Nc7 26. e5 Nfd5 27. Qc2 Ne3 28. Qe2 Bd5 29. Bh3 Ne8 30. f5 Nxd6 31. f6 Qe8 32. cxd6 Rxd6 33. Rde1 Re6 34. Bg4 Rd8 35. h4 h5 36. Bh3 Bxa2 37. g4 Rd5 0-1